000 00556cam a2200193 a 4500
001 000007881
005 20200929154331.0
008 831202s1975 cu 001 j spa c
040 _aDO-SdBNP
_bspa
_cBNPHU
082 _aCu863.08
_bN964n
245 0 0 _aNuevos narradores 1974.
260 _aLa Habana :
_bArte y Literatura,
_c1975.
300 _a123 p. ;
_c18 cm.
490 1 _aPluma en ristre
490 1 _aNarrativa
650 4 _aCuentos cubanos
_xColecciones
_921659
650 4 _aLiteratura cubana
_91483
830 0 _aPluma en ristre ;
_pNarrativa
_921660
999 _c7659
_d7659